LIBRARY & INFORMATION CENTRE, KCAET, TAVANUR

ONLINE PUBLIC ACCESS CATALOGUE (OPAC)

Selected literary criticism / (Record no. 3519)

MARC details
000 -LEADER
fixed length control field 00522cam a2200205ua 4500
041 ## - LANGUAGE CODE
Language code of text/sound track or separate title eng
082 ## - DEWEY DECIMAL CLASSIFICATION NUMBER
Classification number 828.09
Item number JAM/SE
100 ## - MAIN ENTRY--AUTHOR NAME
Personal name James, Henry .
245 ## - TITLE STATEMENT
Title Selected literary criticism /
250 ## - EDITION STATEMENT
Edition statement 1 /
260 ## - PUBLICATION, DISTRIBUTION, ETC. (IMPRINT)
Place of publication London :
Name of publisher Heinemann Educational Books Ltd. ,
Year of publication 1964.
300 ## - PHYSICAL DESCRIPTION
Number of Pages 349 ; .
700 1# - ADDED ENTRY--PERSONAL NAME
Personal name Beal, Anthony .
942 ## - ADDED ENTRY ELEMENTS (KOHA)
Koha item type Books
Holdings
Withdrawn status Lost status Damaged status Home library Current library Date acquired Cost, normal purchase price Full call number Accession Number Koha item type Public note
Withdrawn     KAUAET Sanskrit University 07/04/2012 30.00 828.09 6771 Books Transferred to Sanskrit University
Withdrawn     KAUAET Sanskrit University 07/04/2012 30.00 828.09 6773 Books Transferred to Sanskrit University
free website counter